000
00319nam a22001337a 4500
008
171027b xxu||||| |||| 00| 0 eng d
020
_a
2901931629057
041
_a
eng
080
_2
3 ED
_a
336
100
_a
56
101
_a
FIN
245
_a
PERSONAL FINANCIAL PLANNING PRACTICE
_c
DALTON.M.A
942
_2
udc
_c
BK
999
_c
36131
_d
36131